Pullbook and gould book of flower arrangement (Record no. 31312)

MARC details
000 -LEADER
fixed length control field 00332nam a2200121Ia 4500
082 ## - DEWEY DECIMAL CLASSIFICATION NUMBER
Classification number 635.912:745.9
Item number HAW
245 #0 - TITLE STATEMENT
Title Pullbook and gould book of flower arrangement
260 ## - PUBLICATION, DISTRIBUTION, ETC. (IMPRINT)
Place of publication London
Name of publisher Barrie
Year of publication 1968
650 ## - SUBJECT ADDED ENTRY--TOPICAL TERM
Topical Term Flower arrangement
700 ## - ADDED ENTRY--PERSONAL NAME
Personal name Hawkes, Frances Ann
942 ## - ADDED ENTRY ELEMENTS (KOHA)
Koha item type Books
Holdings
Withdrawn status Lost status Damaged status Not for loan Home library Current library Date acquired Cost, normal purchase price Full call number Accession Number Koha item type
        RRII Library RRII Library 16/12/2021 7.95 635.912:745.9 HAW 11859 Books